000
00306nam a2200145Ia 4500
100
_a
Kochan/Stephen G.
942
_c
BK
654
_a
unix
245
_a
Exploring the UNIX system
260
_b
CBS Publishers
_a
Delhi
_c
1987
082
_a
1.6425
_b
KOC
300
_a
371
546
_a
ENGLISH
999
_c
35170
_d
35170